| 000 | 00529nam a2200193 a 4500 | ||
|---|---|---|---|
| 005 | 20140310183246.0 | ||
| 008 | 040908s19uu xx 00 eng d | ||
| 020 | _a9780072253597 | ||
| 050 |
_aQA 76.9.D35 _b.K43 2004 |
||
| 100 | _aKeogh, James | ||
| 245 |
_aData structures demystified / _cJames Keogh. |
||
| 260 |
_aNew York : _bMcGraw-Hill, _c2004. |
||
| 300 |
_a277 p. : _c26 cm. |
||
| 521 | _aIT | ||
| 650 | _aData structures (computer science). | ||
| 700 | _aDavidson, Ken | ||
| 942 |
_cBK _2lcc _kFOR |
||
| 999 |
_c20693 _d20693 |
||